[Event "Botvinnik 100th Open"]
[Site "St Petersburg RUS"]
[Date "2011.08.14"]
[Round "3"]
[White "Tkachev, Ivan"]
[Black "Antipova, Anastasia"]
[Result "1-0"]
[WhiteElo "2047"]
[BlackElo "1794"]
[WhiteFideId "4186885"]
[BlackFideId "24178705"]
[EventDate "2011.08.12"]

1. d4 Nf6 2. Nf3 g6 3. Nbd2 d5 4. b3 Bg7 5. Bb2 O-O 6. g3 Nbd7 7. Bg2 c6 8. O-O
Nb6 9. a4 a5 10. Ne5 Nfd7 11. e4 dxe4 12. Nxd7 Nxd7 13. Bxe4 Nf6 14. Bg2 Bf5 15.
c4 Qd7 16. Nf3 Rfd8 17. Ne5 Qc7 18. f4 Be4 19. Bh3 h5 20. Re1 Qd6 21. Re3 e6 22.
Bg2 Bxg2 23. Kxg2 c5 24. Rd3 cxd4 25. Rxd4 Qc7 26. Qe2 Rxd4 27. Bxd4 Qd6 28. Rd1
Rd8 29. Rd3 Qc7 30. Qd1 b6 31. Nf3 Rd7 32. Be5 Rxd3 33. Qxd3 Qe7 34. Qd4 Ne8 35.
Qxb6 Bxe5 36. Nxe5 Kg7 37. c5 Qc7 38. Qc6 Qd8 39. Qd7 Qxd7 40. Nxd7 Nc7 41. Nb8
f6 42. Kf3 e5 43. fxe5 fxe5 44. Ke4 Kf6 45. Nd7+ Ke6 46. Nxe5 Na6 47. Kd4 1-0

[Event "Botvinnik 100th Open"]
[Site "St Petersburg RUS"]
[Date "2011.08.14"]
[Round "3"]
[White "Nedostup, Daniil"]
[Black "Dzhavathanov, Magomed"]
[Result "1-0"]
[WhiteElo "2033"]
[BlackElo "1794"]
[WhiteFideId "24121576"]
[BlackFideId "24106020"]
[EventDate "2011.08.12"]

1. e4 d6 2. d4 Nf6 3. Nc3 g6 4. Be3 Bg7 5. f3 O-O 6. Qd2 e5 7. d5 a5 8. O-O-O a4
9. g4 a3 10. b3 c6 11. g5 Ne8 12. h4 f5 13. dxc6 f4 14. cxb7 Bxb7 15. Bc4+ Kh8
16. Bf2 Nc6 17. Nge2 h5 18. gxh6 Bxh6 19. Nd5 Na5 20. Bd3 Nc6 21. Bb5 Rf7 22.
Nec3 Nd4 23. Bxd4 exd4 24. Qxd4+ Bg7 25. Qg1 Kh7 26. h5 g5 27. Bxe8 Bxd5 28.
Nxd5 Qxe8 29. Qxg5 Rc8 30. Rhg1 Qc6 31. c4 Qb7 32. Rd2 Bb2+ 33. Kd1 Be5 34. Qg6+
Kh8 35. Qe6 Rb8 36. Rg6 Qa7 37. c5 Rg7 38. Rh6+ Rh7 39. Rxh7+ Kxh7 40. Qg6+ Kh8
41. Qh6+ Qh7 42. Qxh7+ Kxh7 43. c6 Rc8 44. c7 Kg8 45. Rc2 Bd4 46. Ne7+ 1-0

[Event "Botvinnik 100th Open"]
[Site "St Petersburg RUS"]
[Date "2011.08.14"]
[Round "3"]
[White "Tantsov, Peter"]
[Black "Abramichev, Artyom"]
[Result "0-1"]
[WhiteElo "1777"]
[BlackElo "2029"]
[WhiteFideId "24149489"]
[BlackFideId "4135520"]
[EventDate "2011.08.12"]

1. d4 Nf6 2. c4 g6 3. Nc3 Bg7 4. e4 d6 5. Nf3 O-O 6. Be2 e5 7. d5 Nbd7 8. O-O a5
9. Rb1 Nc5 10. Qc2 Nh5 11. Ne1 Nf4 12. Nd3 Ncxd3 13. Bxd3 f5 14. f3 Bd7 15. a3
a4 16. Be3 Nxd3 17. Qxd3 f4 18. Bf2 g5 19. c5 Rf7 20. b4 g4 21. b5 Qg5 22. Ne2
gxf3 23. Qxf3 Bg4 24. Qd3 Bxe2 0-1

[Event "Botvinnik 100th Open"]
[Site "St Petersburg RUS"]
[Date "2011.08.14"]
[Round "3"]
[White "Pshenichny, Vladimir"]
[Black "Rykov, Ivan2"]
[Result "1-0"]
[WhiteElo "2025"]
[BlackElo "1759"]
[WhiteFideId "4199138"]
[BlackFideId "24128520"]
[EventDate "2011.08.12"]

1. c4 e5 2. Nc3 Nf6 3. g3 Nc6 4. Bg2 Be7 5. d3 O-O 6. e4 d6 7. Nge2 h6 8. O-O
Nh7 9. Be3 f5 10. Qd2 fxe4 11. dxe4 Ng5 12. f4 exf4 13. gxf4 Nh7 14. Nd5 Nf6 15.
Rae1 Ng4 16. Nec3 Bh4 17. Rd1 Nxe3 18. Qxe3 Be6 19. e5 Qc8 20. exd6 cxd6 21. Ne4
Rd8 22. Ng3 Bg4 23. Rde1 Re8 24. Qd3 Rxe1 25. Rxe1 Qd7 26. Qg6 Ne7 27. Nxe7+
Bxe7 28. Bd5+ Kh8 29. Be4 Kg8 30. Qh7+ Kf7 31. Bd5+ 1-0

[Event "Botvinnik 100th Open"]
[Site "St Petersburg RUS"]
[Date "2011.08.14"]
[Round "3"]
[White "Uyanik, Mehmet"]
[Black "Martynenko, Alexey"]
[Result "0-1"]
[WhiteElo "1719"]
[BlackElo "2015"]
[WhiteFideId "6363164"]
[BlackFideId "24102059"]
[EventDate "2011.08.12"]

1. e4 c5 2. Nf3 d6 3. d4 cxd4 4. Nxd4 Nf6 5. Nc3 Nc6 6. Bc4 e6 7. Bb3 Be7 8. Be3
a6 9. f4 O-O 10. O-O Qc7 11. a4 Na5 12. Qe2 b6 13. Kh1 Bb7 14. Bf2 Rac8 15. Ba2
Nc4 16. Bxc4 Qxc4 17. Qe1 Qb4 18. Ra3 Nxe4 19. Nxe4 Qxe1 20. Rxe1 Bxe4 21. c3 d5
22. Rb3 Bc5 23. Bg1 Bd3 24. Nxe6 fxe6 25. Bxc5 bxc5 26. g3 Be4+ 27. Kg1 Rb8 28.
Rxb8 Rxb8 29. Re2 Kf7 30. Kf2 Bd3 0-1

[Event "Botvinnik 100th Open"]
[Site "St Petersburg RUS"]
[Date "2011.08.14"]
[Round "3"]
[White "Dushin, Nikolay"]
[Black "Sieghardt, Walter"]
[Result "1-0"]
[WhiteElo "2010"]
[BlackElo "1681"]
[WhiteFideId "4114612"]
[BlackFideId "24633836"]
[EventDate "2011.08.12"]

1. Nf3 d5 2. d4 e6 3. c4 Nf6 4. cxd5 exd5 5. Nc3 c6 6. Bg5 Be7 7. Qc2 h6 8. Bxf6
Bxf6 9. e3 Be6 10. Bd3 Nd7 11. O-O Rc8 12. b4 Be7 13. Rab1 b5 14. Rfc1 Nb6 15.
Ne5 Bd6 16. f4 Bxe5 17. fxe5 O-O 18. Qf2 f5 19. Ne2 Nc4 20. Nf4 Qe8 21. Rf1 Rc7
22. Nxe6 Qxe6 23. Bxf5 Qe7 24. Bh7+ Kxh7 25. Qxf8 Qxf8 26. Rxf8 Nxe3 27. Rf2 g6
28. Rc1 Kg7 29. Rf6 Nc4 30. Rc2 a5 31. bxa5 Nxa5 32. Rc5 Rf7 33. Rd6 Rf4 34.
Rd7+ Kf8 35. Ra7 Nc4 36. Rxc6 Rf7 37. Ra8+ Kg7 38. Raa6 Ne3 39. Rxg6+ Kf8 40.
Ra8+ Ke7 41. Ra7+ Kf8 42. Rxf7+ Kxf7 43. Rxh6 Nc2 44. Rd6 Nxd4 45. Rxd5 1-0

[Event "Botvinnik 100th Open"]
[Site "St Petersburg RUS"]
[Date "2011.08.14"]
[Round "3"]
[White "Filin, Evgeny"]
[Black "Tarasov, Ilya"]
[Result "1-0"]
[WhiteElo "1705"]
[BlackElo "2006"]
[WhiteFideId "24184764"]
[BlackFideId "24157945"]
[EventDate "2011.08.12"]

1. Nf3 Nf6 2. g3 c5 3. Bg2 d5 4. d3 Nc6 5. O-O e5 6. Nbd2 Be7 7. Re1 O-O 8. e4
d4 9. Nc4 Qc7 10. a4 Rb8 11. Nh4 Bg4 12. f3 Be6 13. Nf5 Bxf5 14. exf5 Rfe8 15.
f4 Bd6 16. Bxc6 bxc6 17. Nxd6 Qxd6 18. fxe5 Qe7 19. Bg5 h6 20. Bh4 Qd7 21. exf6
Rxe1+ 22. Qxe1 Qxf5 23. fxg7 Rxb2 24. Qe8+ Kxg7 25. Rf1 Qe6 26. Bf6+ Kh7 27.
Qh8+ Kg6 28. Qg7+ Kh5 29. h3 Qe3+ 30. Kh1 1-0

[Event "Botvinnik 100th Open"]
[Site "St Petersburg RUS"]
[Date "2011.08.14"]
[Round "3"]
[White "Bezobrazov, Lev"]
[Black "Latonin, Mikhail"]
[Result "0-1"]
[WhiteElo "1689"]
[BlackElo "1968"]
[WhiteFideId "4152409"]
[BlackFideId "24138550"]
[EventDate "2011.08.12"]

1. e4 e6 2. Qe2 c5 3. g3 Nc6 4. Bg2 d6 5. Nc3 g6 6. d3 Bg7 7. Bd2 Nge7 8. Nf3
O-O 9. O-O Rb8 10. Rab1 b5 11. a3 a5 12. b3 b4 13. axb4 axb4 14. Na4 Ba6 15. Nb2
Qc7 16. Ng5 Nd4 17. Qd1 Bb7 18. f4 Ra8 19. Nc4 h6 20. Nf3 Nxf3+ 21. Bxf3 d5 22.
exd5 Bxd5 23. Ne3 Bd4 24. Kg2 Bxf3+ 25. Qxf3 Ra2 26. Rfc1 Rfa8 27. Nc4 h5 28.
Qe4 Nd5 29. Kf3 Nf6 30. Qe1 Qc6+ 31. Ke2 Qg2+ 32. Kd1 Nd5 33. Qe2 Qh1+ 34. Qe1
Qxh2 35. Ne5 Bf2 36. Qf1 Qxg3 37. Ke2 Nxf4+ 38. Bxf4 Qxf4 39. Nf3 Qe3+ 40. Kd1
Qxf3+ 41. Qe2 Qxe2+ 42. Kxe2 Bd4 43. Kf3 0-1

[Event "Botvinnik 100th Open"]
[Site "St Petersburg RUS"]
[Date "2011.08.15"]
[Round "4"]
[White "Khismatullin, Denis"]
[Black "Pridorozhni, Aleksei"]
[Result "0-1"]
[WhiteTitle "GM"]
[BlackTitle "GM"]
[WhiteElo "2656"]
[BlackElo "2550"]
[WhiteFideId "4142578"]
[BlackFideId "4127870"]
[EventDate "2011.08.12"]

1. d4 e6 2. c4 f5 3. Nc3 Nf6 4. Qc2 Bb4 5. a3 Bxc3+ 6. Qxc3 b6 7. f3 Bb7 8. Nh3
d6 9. e3 Qe7 10. b3 Nbd7 11. Bb2 Rg8 12. Be2 g5 13. O-O-O O-O-O 14. Kb1 Kb8 15.
Ka1 e5 16. d5 g4 17. fxg4 fxg4 18. Nf2 g3 19. Nd3 gxh2 20. Rxh2 Rg3 21. Nb4 Rdg8
22. Nc6+ Bxc6 23. dxc6 Nc5 24. Bf3 e4 25. Be2 Ng4 26. Bxg4 R3xg4 27. Qc2 Nd3 28.
b4 Qe6 29. Rdh1 Nxb2 30. Kxb2 d5 31. cxd5 Qxd5 32. Rh5 Qd6 33. R1h2 Rg3 34. R5h3
a6 35. Rxg3 Qxg3 36. Qc4 b5 37. Qd5 Qf2+ 38. Kb3 Qxe3+ 39. Kc2 Qe2+ 40. Qd2 Qc4+
41. Qc3 Qa2+ 42. Qb2 Qd5 43. Qc3 Rg6 44. Rh5 Rxg2+ 45. Kc1 Rg1+ 46. Kb2 Qd3 47.
Qxd3 exd3 48. Rd5 Rg8 49. a4 bxa4 50. Ra5 Rd8 51. Kc1 d2+ 52. Kd1 Ka7 53. Rxa4
Kb6 54. Ra5 Rd6 55. Rc5 h6 56. Ra5 Rd4 57. Rh5 Rxb4 58. Rxh6 Rd4 0-1

[Event "Botvinnik 100th Open"]
[Site "St Petersburg RUS"]
[Date "2011.08.15"]
[Round "4"]
[White "Ponkratov, Pavel"]
[Black "Yakovich, Yuri"]
[Result "1-0"]
[WhiteTitle "GM"]
[BlackTitle "GM"]
[WhiteElo "2593"]
[BlackElo "2539"]
[WhiteFideId "4157800"]
[BlackFideId "4100654"]
[EventDate "2011.08.12"]

1. e4 c5 2. Nf3 Nc6 3. d4 cxd4 4. Nxd4 Nf6 5. Nc3 d6 6. h3 e6 7. g4 Be7 8. Bg2
O-O 9. Be3 Bd7 10. g5 Ne8 11. h4 Ne5 12. f4 Nc4 13. Bc1 Rc8 14. Nce2 Qa5+ 15. c3
Nc7 16. b3 Na3 17. Bd2 Rfe8 18. O-O Bf8 19. Kh1 Qa6 20. Ng3 d5 21. exd5 exd5 22.
f5 Nab5 23. a4 Nxd4 24. cxd4 Bd6 25. Qf3 Qb6 26. Ne2 Bc6 27. g6 fxg6 28. fxg6
Rf8 29. Qh5 hxg6 30. Qxg6 Qxd4 31. Nxd4 1-0

[Event "Botvinnik 100th Open"]
[Site "St Petersburg RUS"]
[Date "2011.08.15"]
[Round "4"]
[White "Epishin, Vladimir"]
[Black "Maletin, Pavel"]
[Result "1/2-1/2"]
[WhiteTitle "GM"]
[BlackTitle "GM"]
[WhiteElo "2553"]
[BlackElo "2575"]
[WhiteFideId "4162714"]
[BlackFideId "4146786"]
[EventDate "2011.08.12"]

1. d4 Nf6 2. Nf3 e6 3. c4 d5 4. e3 Be7 5. Nbd2 O-O 6. a3 b6 7. cxd5 exd5 8. b4
c5 9. bxc5 bxc5 10. dxc5 Bxc5 11. Be2 Bg4 12. O-O Nbd7 13. h3 Bh5 14. Bb2 Rb8
15. Bd4 Ne4 16. Rc1 Bxa3 17. Rc6 a5 18. Nxe4 dxe4 19. Nd2 Bxe2 20. Qxe2 Bb2 21.
Nxe4 Bxd4 22. exd4 Qh4 23. Rd6 Rbe8 24. Rxd7 Rxe4 25. Qd2 Rfe8 26. Qxa5 Rxd4 27.
Rxd4 Qxd4 28. Re1 Rxe1+ 29. Qxe1 g6 30. g3 h5 31. h4 Kg7 32. Qe7 Qd1+ 33. Kg2
Qd5+ 34. Kg1 Qd1+ 35. Kg2 Qd5+ 36. Kg1 Qd1+ 37. Kg2 Qd5+ 38. Kg1 Qd1+ 39. Kg2
Qd5+ 40. Kg1 Qd1+ 1/2-1/2

[Event "Botvinnik 100th Open"]
[Site "St Petersburg RUS"]
[Date "2011.08.15"]
[Round "4"]
[White "Geller, Jakov"]
[Black "Kovchan, Alexander"]
[Result "1/2-1/2"]
[WhiteTitle "IM"]
[BlackTitle "GM"]
[WhiteElo "2535"]
[BlackElo "2554"]
[WhiteFideId "4151984"]
[BlackFideId "14103052"]
[EventDate "2011.08.12"]

1. c4 e5 2. Nc3 d6 3. g3 g6 4. Bg2 Bg7 5. e3 h5 6. Nf3 Nc6 7. d4 h4 8. Nxh4 exd4
9. exd4 Nxd4 10. O-O Ne7 11. Re1 Ne6 12. Nd5 Nc6 13. Nf4 Nd4 14. Nxe6 Nxe6 15.
Bd5 Qf6 16. Bd2 O-O 17. Bc3 Qg5 18. Bxg7 Kxg7 19. f4 Qf6 20. Qd2 c6 21. Bg2 Nd4
22. Nf3 Nxf3+ 23. Bxf3 Be6 24. b3 Rfd8 25. g4 Kg8 26. g5 Qf5 27. Qd4 c5 28. Qe4
Qxe4 29. Bxe4 d5 30. cxd5 Bxd5 31. Bxd5 Rxd5 32. Rad1 Rad8 33. Rxd5 Rxd5 34. Re7
Rd2 35. Rxb7 Rxa2 36. Rc7 Rb2 37. Rxa7 Rxb3 38. Rc7 Rf3 39. Rxc5 Rxf4 40. Kg2
Kg7 41. Kg3 1/2-1/2

[Event "Botvinnik 100th Open"]
[Site "St Petersburg RUS"]
[Date "2011.08.15"]
[Round "4"]
[White "Zvjaginsev, Vadim"]
[Black "Sichinava, Zviad"]
[Result "1-0"]
[WhiteTitle "GM"]
[WhiteElo "2659"]
[BlackElo "2364"]
[WhiteFideId "4113403"]
[BlackFideId "24111716"]
[EventDate "2011.08.12"]

1. c4 e6 2. Nc3 d5 3. d4 Nf6 4. cxd5 exd5 5. Bg5 Be7 6. e3 h6 7. Bh4 c6 8. Qc2
O-O 9. Bd3 Re8 10. Nge2 Ne4 11. Bxe7 Qxe7 12. Bxe4 dxe4 13. Ng3 f5 14. O-O Na6
15. f3 Nb4 16. Qd2 exf3 17. Rxf3 Qg5 18. a3 Nd5 19. Nxd5 cxd5 20. Qf2 Rf8 21.
Ne2 Be6 22. Rf1 Qe7 23. Nf4 Rf6 24. Nh5 Rf7 25. Rg3 Kh7 26. h4 Rc8 27. Nf4 Rf6
28. Rf3 Bf7 29. Nd3 Kg8 30. Ne5 Be6 31. g4 Bd7 32. gxf5 Rcf8 33. Ng6 1-0

[Event "Botvinnik 100th Open"]
[Site "St Petersburg RUS"]
[Date "2011.08.15"]
[Round "4"]
[White "Predke, Alexandr"]
[Black "Aleksandrov, Aleksej"]
[Result "0-1"]
[BlackTitle "GM"]
[WhiteElo "2450"]
[BlackElo "2609"]
[WhiteFideId "24107581"]
[BlackFideId "13500139"]
[EventDate "2011.08.12"]

1. e4 e5 2. Nf3 Nc6 3. Bb5 Nf6 4. O-O Nxe4 5. d4 Nd6 6. Bxc6 dxc6 7. dxe5 Nf5 8.
Qxd8+ Kxd8 9. Nc3 Bd7 10. h3 h6 11. b3 Kc8 12. Bb2 b6 13. Rad1 Ne7 14. Rd2 c5
15. Rfd1 Be6 16. Ne2 Ng6 17. h4 Be7 18. h5 Nf8 19. Nf4 Bg4 20. Nd5 Bg5 21. Nxg5
hxg5 22. h6 Rxh6 23. f3 Be6 24. Nxb6+ axb6 25. Rd8+ Kb7 26. Rxa8 Kxa8 27. Rd8+
Kb7 28. Rxf8 g4 29. f4 Rh5 30. c4 Rf5 31. Bc1 g5 32. g3 gxf4 33. Bxf4 Rh5 34.
Re8 Kc6 35. Re7 Rh8 36. Bg5 Kb7 37. Kg2 Kc8 38. a4 Rg8 39. Bf6 Rd8 40. Kf2 Rd2+
41. Ke1 Rd3 42. Re8+ Kb7 43. Bd8 Rxg3 44. Re7 Rxb3 45. Rxc7+ Ka6 46. a5 Rd3 0-1

[Event "Botvinnik 100th Open"]
[Site "St Petersburg RUS"]
[Date "2011.08.15"]
[Round "4"]
[White "Dvoirys, Semen I."]
[Black "Kabanov, Nikolai"]
[Result "1-0"]
[WhiteTitle "GM"]
[BlackTitle "GM"]
[WhiteElo "2554"]
[BlackElo "2520"]
[WhiteFideId "4100379"]
[BlackFideId "4127820"]
[EventDate "2011.08.12"]

1. e4 c5 2. Nf3 a6 3. c3 e6 4. d4 d5 5. e5 cxd4 6. cxd4 Bd7 7. Nc3 Bb4 8. Bd3
Bb5 9. Bxb5+ axb5 10. O-O Qa5 11. Bd2 Nc6 12. a4 bxa4 13. Rxa4 Qd8 14. Nb5 Rxa4
15. Qxa4 Be7 16. Na7 Qa8 17. Ra1 Bd8 18. Nxc6 Qxa4 19. Rxa4 bxc6 20. Ra7 Ne7 21.
Bb4 f6 22. Ne1 Kf7 23. Nd3 Re8 24. Bc5 Kg6 25. Nb4 fxe5 26. dxe5 Nf5 27. Nxc6
Bg5 28. b4 d4 29. g4 Nh4 30. Nxd4 Rd8 31. Bd6 Rc8 32. Rc7 Ra8 33. Kf1 Bd8 34.
Rc2 Bb6 35. Nxe6 Nf3 36. Ke2 Ra3 37. Bc5 Bxc5 38. bxc5 Nxe5 39. c6 Ra8 40. c7
Rc8 41. Rd2 Nc4 42. Rd8 Nb6 43. Nf4+ 1-0

[Event "Botvinnik 100th Open"]
[Site "St Petersburg RUS"]
[Date "2011.08.15"]
[Round "4"]
[White "Efanov, Nikolai"]
[Black "Yevseev, Denis"]
[Result "1/2-1/2"]
[WhiteTitle "IM"]
[BlackTitle "GM"]
[WhiteElo "2423"]
[BlackElo "2527"]
[WhiteFideId "4187997"]
[BlackFideId "4126378"]
[EventDate "2011.08.12"]

1. e4 c6 2. d4 d5 3. exd5 cxd5 4. Bd3 Nc6 5. c3 Qc7 6. Ne2 Bg4 7. Qa4 Bxe2 8.
Bxe2 e6 9. Nd2 Bd6 10. Nf3 Nf6 11. O-O O-O 12. Bd3 Ne4 13. a3 f5 14. c4 Qf7 15.
cxd5 exd5 16. b4 a6 17. Bb2 Rfe8 18. Rfe1 Rad8 19. Ne5 Nxe5 20. dxe5 Bxe5 21.
Bxe5 Rxe5 22. f3 Nc3 23. Qc2 Qf6 24. Qxc3 Rxe1+ 25. Qxe1 Qd4+ 26. Kh1 Qxd3 27.
Qe7 Rf8 28. h3 h6 29. Qxb7 Kh7 30. a4 d4 31. b5 axb5 32. axb5 Qc2 33. Qc6 d3 34.
Qxc2 dxc2 35. Rc1 Rb8 36. Rxc2 Rxb5 37. Kg1 Kg6 38. Kf2 Kf6 39. f4 Rb3 40. Rc6+
Kf7 1/2-1/2

[Event "Botvinnik 100th Open"]
[Site "St Petersburg RUS"]
[Date "2011.08.15"]
[Round "4"]
[White "Iljin, Timofey"]
[Black "Rozum, Ivan"]
[Result "1/2-1/2"]
[WhiteTitle "IM"]
[BlackTitle "IM"]
[WhiteElo "2504"]
[BlackElo "2464"]
[WhiteFideId "14110180"]
[BlackFideId "24104272"]
[EventDate "2011.08.12"]

1. d4 d5 2. c4 c6 3. Nc3 Nf6 4. cxd5 cxd5 5. Bf4 Nc6 6. e3 e6 7. Bd3 Be7 8. Nf3
O-O 9. h3 Bd6 10. Bxd6 Qxd6 11. O-O Bd7 12. Rc1 Rfc8 13. Qe2 Be8 14. Rfe1 Qe7
15. Rcd1 Rd8 16. Bb1 Rac8 17. Ne5 Nxe5 18. dxe5 Nd7 19. f4 Nb6 20. Qf2 Na4 21.
Nxa4 Bxa4 22. Rd4 Be8 23. Red1 g6 24. e4 dxe4 25. Bxe4 Rxd4 26. Qxd4 b6 27. Kh2
Bc6 28. Bxc6 Rxc6 29. b4 Kg7 30. Qd7 Qxd7 31. Rxd7 Rc4 32. Rxa7 Rxb4 33. Kg3 Rb2
34. Kf3 b5 35. g4 Rh2 36. Kg3 Re2 37. Ra5 b4 38. Kf3 Rh2 39. Kg3 Rb2 40. Ra7 b3
41. axb3 Rxb3+ 1/2-1/2

[Event "Botvinnik 100th Open"]
[Site "St Petersburg RUS"]
[Date "2011.08.15"]
[Round "4"]
[White "Neverov, Valeriy"]
[Black "Derbenev, Andrey"]
[Result "1/2-1/2"]
[WhiteTitle "GM"]
[WhiteElo "2500"]
[BlackElo "2331"]
[WhiteFideId "14100150"]
[BlackFideId "4154169"]
[EventDate "2011.08.12"]

1. Nf3 Nf6 2. c4 e6 3. g3 b6 4. Bg2 Bb7 5. d4 Be7 6. O-O O-O 7. Nc3 Ne4 8. Bd2
f5 9. Qc2 Nxc3 10. Bxc3 Be4 11. Qd2 c6 12. Ne1 Bg5 13. e3 Bxg2 14. Nxg2 d5 15.
Bb4 Re8 16. cxd5 Qxd5 17. h4 Bh6 18. f3 Nd7 19. g4 g5 20. Qf2 Qb5 21. hxg5 Bxg5
22. Bd6 fxg4 23. e4 Qd3 24. f4 Be7 25. Bxe7 Rxe7 26. Qe3 Qxe3+ 27. Nxe3 c5 28.
Rad1 h5 29. e5 cxd4 30. Rxd4 Rc8 31. Kg2 Kh7 32. Rd6 Rf8 33. b4 a5 34. a3 axb4
35. axb4 Ra8 36. Rh1 Kg6 37. f5+ Kg5 38. f6 Rf7 39. Rxe6 h4 40. Rf1 Ra2+ 41. Kg1
Re2 42. Re7 Rxe3 1/2-1/2

[Event "Botvinnik 100th Open"]
[Site "St Petersburg RUS"]
[Date "2011.08.15"]
[Round "4"]
[White "Alexikov, Alexander"]
[Black "Baryshpolets, Andrey"]
[Result "0-1"]
[WhiteTitle "IM"]
[BlackTitle "IM"]
[WhiteElo "2353"]
[BlackElo "2474"]
[WhiteFideId "14103958"]
[BlackFideId "14117207"]
[EventDate "2011.08.12"]

1. e4 e5 2. Nf3 Nc6 3. Bb5 a6 4. Ba4 Nf6 5. O-O Be7 6. Re1 b5 7. Bb3 d6 8. c3
O-O 9. h3 Nb8 10. d4 Nbd7 11. Nbd2 Bb7 12. Bc2 Re8 13. a4 Bf8 14. Bd3 c6 15. b3
g6 16. Ba3 Qc7 17. Qc2 Rac8 18. Bf1 Bg7 19. Rad1 Nh5 20. g3 bxa4 21. Nc4 Bf8 22.
dxe5 d5 23. Bd6 Bxd6 24. exd6 Qd8 25. exd5 Rxe1 26. Rxe1 cxd5 27. Ncd2 axb3 28.
Nxb3 Qb6 29. Nfd4 Qxd6 30. Kh2 Nhf6 31. Re3 Ne4 32. Kg1 Qc7 33. Ne2 Ne5 34. Nbd4
Nc4 35. Rd3 Ne5 36. Re3 Nc4 37. Rd3 a5 38. Rd1 Qc5 39. Ra1 Ncd6 40. Qd3 Ra8 41.
Qe3 Nc4 42. Qf4 a4 43. Rb1 Ncd6 44. f3 Nxc3 45. Nxc3 Qxc3 46. Qxd6 Qxd4+ 47. Kh2
a3 48. Rxb7 a2 49. Qd7 Qf6 50. Qxd5 a1=Q 51. Bc4 Rd8 0-1

[Event "Botvinnik 100th Open"]
[Site "St Petersburg RUS"]
[Date "2011.08.15"]
[Round "4"]
[White "Payen, Arnaud"]
[Black "Kuzubov, Yuriy"]
[Result "0-1"]
[WhiteTitle "IM"]
[BlackTitle "GM"]
[WhiteElo "2339"]
[BlackElo "2630"]
[WhiteFideId "600814"]
[BlackFideId "14112906"]
[EventDate "2011.08.12"]

1. c4 e5 2. Nc3 Nf6 3. Nf3 Nc6 4. g3 Bb4 5. Nd5 Bc5 6. Bg2 O-O 7. O-O d6 8. e3
Bb6 9. Nxb6 axb6 10. d4 e4 11. Ne1 Re8 12. Bd2 d5 13. cxd5 Ne7 14. Nc2 Nexd5 15.
Nb4 Bg4 16. Qc2 Nxb4 17. Bxb4 Qd7 18. Rfc1 c6 19. a4 Bf3 20. a5 Nd5 21. Qc4 b5
22. Qc5 Bxg2 23. Kxg2 Re6 24. h3 Rh6 25. Rh1 Qf5 26. Bd2 Rf6 27. Raf1 Qf3+ 28.
Kg1 Qe2 29. Qc1 b4 30. Rh2 Rf3 31. Re1 Qd3 32. Rd1 Qb3 33. Re1 Rxa5 34. Qb1 Nf6
35. Rg2 h5 0-1

[Event "Botvinnik 100th Open"]
[Site "St Petersburg RUS"]
[Date "2011.08.15"]
[Round "4"]
[White "Smikovski, Ivan"]
[Black "Demianjuk, Alexander"]
[Result "1/2-1/2"]
[WhiteTitle "IM"]
[WhiteElo "2541"]
[BlackElo "2317"]
[WhiteFideId "4124650"]
[BlackFideId "4134249"]
[EventDate "2011.08.12"]

1. e4 e5 2. Nf3 Nc6 3. Bb5 f5 4. Nc3 fxe4 5. Nxe4 d5 6. Nxe5 dxe4 7. Nxc6 Qg5 8.
Qe2 Nf6 9. f4 Qxf4 10. Ne5+ c6 11. d4 Qh4+ 12. g3 Qh3 13. Bc4 Be6 14. Bg5 O-O-O
15. O-O-O Bd6 16. Qf1 Rhe8 17. Bxf6 gxf6 18. Nf7 Rd7 19. Nxd6+ Rxd6 20. Qxf6 Rd7
21. Bxe6 Rxe6 22. Qf8+ Rd8 23. Qf4 e3 24. Rhe1 e2 25. Rd2 Rde8 26. Qf2 Qh6 27.
Qg2 Re4 28. c3 a6 29. b3 Kb8 30. Kc2 Qe6 31. Kb2 Ka8 32. Qf3 Re3 33. Qh5 h6 34.
g4 Qf6 35. Rc2 Qf2 36. Rexe2 Qxe2 37. Rxe2 Rxe2+ 38. Ka3 R2e6 39. Kb4 Rg8 40.
Qf7 Reg6 41. h3 R6g7 42. Qf5 Rg5 43. Qh7 R5g6 44. a4 R8g7 45. Qh8+ Rg8 46. Qe5
Rg5 47. Qe6 h5 48. gxh5 Rh8 1/2-1/2

[Event "Botvinnik 100th Open"]
[Site "St Petersburg RUS"]
[Date "2011.08.15"]
[Round "4"]
[White "Onischuk, Vladimir"]
[Black "Ivanov, Timur"]
[Result "1/2-1/2"]
[WhiteTitle "IM"]
[BlackTitle "IM"]
[WhiteElo "2490"]
[BlackElo "2325"]
[WhiteFideId "14114038"]
[BlackFideId "4115350"]
[EventDate "2011.08.12"]

1. e4 c6 2. d4 d5 3. e5 c5 4. dxc5 e6 5. Nf3 Bxc5 6. Bd3 Nc6 7. O-O Nge7 8. Re1
Ng6 9. a3 Bb6 10. Nc3 a6 11. Bg5 Qc7 12. Qd2 O-O 13. Bxg6 fxg6 14. Rad1 Ne7 15.
Na4 Ba7 16. c4 b5 17. cxb5 axb5 18. Rc1 Qd7 19. Nc5 Qe8 20. Bxe7 Qxe7 21. b4 Bd7
22. Rc3 h6 23. Qe3 g5 24. g3 Rf7 25. Nd4 Raf8 26. Re2 Rb8 27. Qd3 Rff8 28. Qg6
Rb6 29. Rec2 Bb8 30. Re3 Be8 31. Qd3 g4 32. Re1 Ba7 33. Ncb3 Rb7 34. Qe2 h5 35.
Rc8 Bg6 36. Rec1 Rxc8 37. Rxc8+ Kh7 38. Rc6 Rb6 39. Nc5 Rxc6 40. Nxc6 Qc7 41.
Nxa7 Qxa7 42. Nxe6 Bf5 43. Nf4 Qxa3 44. Nxd5 Qa1+ 45. Qf1 Qxe5 46. Qxb5 Bg6 47.
Qc4 Qe1+ 48. Qf1 Qd2 49. Nf4 Qxb4 50. Qd1 Qe4 51. h3 gxh3 52. Nxh3 Qb1 53. Ng5+
Kh6 54. Qxb1 Bxb1 1/2-1/2

[Event "Botvinnik 100th Open"]
[Site "St Petersburg RUS"]
[Date "2011.08.15"]
[Round "4"]
[White "Duzhakov, Ilya"]
[Black "Kornyukov, Alexey"]
[Result "1/2-1/2"]
[WhiteTitle "FM"]
[BlackTitle "IM"]
[WhiteElo "2338"]
[BlackElo "2485"]
[WhiteFideId "4192516"]
[BlackFideId "4150457"]
[EventDate "2011.08.12"]

1. d4 d5 2. c4 e6 3. Nf3 c6 4. Nc3 dxc4 5. a4 Bb4 6. e4 b5 7. Bd2 a5 8. axb5
Bxc3 9. Bxc3 cxb5 10. b3 Bb7 11. d5 Nf6 12. bxc4 O-O 13. Bxf6 Qxf6 14. e5 Qg6
15. Bd3 Qh5 16. cxb5 Bxd5 17. Qe2 Qg4 18. O-O Nd7 19. h3 Qf4 20. Rfe1 Rfc8 21.
Be4 Nb6 22. Qd3 g6 23. Bxd5 Nxd5 24. Qe4 Rc4 25. Qxf4 Rxf4 26. Reb1 Nb6 27. Rd1
Rb4 28. Rab1 Rxb1 29. Rxb1 Rd8 30. Kf1 Rd5 31. Ke2 Kf8 32. Ke3 Ke7 33. Ke4 Kd7
34. Rb2 a4 35. Rd2 a3 36. Ra2 Nc4 37. b6 Ra5 38. b7 Kc7 39. Kd4 Nb6 40. Ng5 Nd5
41. Kc4 Kxb7 42. Nxf7 Kc6 43. Kb3 Kc5 44. g3 Rb5+ 45. Kxa3 Ra5+ 46. Kb3 Rxa2 47.
Kxa2 Nc3+ 48. Kb3 Ne4 49. f4 Nxg3 50. Ng5 Kd5 51. Nxh7 Ne2 52. Nf6+ Kd4 53. h4
Nxf4 54. Nd7 Ke4 55. Kc4 Kf5 56. Kc5 Ng2 57. Kd6 Ne3 58. Nf8 Nc4+ 59. Ke7 Nxe5
60. Nxe6 Nf3 61. Nf8 Nxh4 62. Nxg6 1/2-1/2